ბათუმის შოთა რუსთაველის სახელმწიფო უნივერსიტეტის ბიბლიოთეკა

Fundamentals of geomorphology / (ბიბ.ჩანაწერი № 50506)

000 -LEADER
fixed length control field 01376cam a22003494a 4500
001 - CONTROL NUMBER
control field 12798324
005 - DATE AND TIME OF LATEST TRANSACTION
control field 20200227150156.0
008 - FIXED-LENGTH DATA ELEMENTS--GENERAL INFORMATION
fixed length control field 020601s2003 enkab b 001 0 eng
010 ## - LIBRARY OF CONGRESS CONTROL NUMBER
LC control number 2002075133
020 ## - INTERNATIONAL STANDARD BOOK NUMBER
International Standard Book Number 0415241456
020 ## - INTERNATIONAL STANDARD BOOK NUMBER
International Standard Book Number 0415241464 (pbk.)
040 ## - CATALOGING SOURCE
Original cataloging agency DLC
Transcribing agency DLC
Modifying agency DLC
041 ## - LANGUAGE CODE
Language code of text/sound track or separate title eng
042 ## - AUTHENTICATION CODE
Authentication code pcc
050 00 - LIBRARY OF CONGRESS CALL NUMBER
Classification number GB401.5
Item number .H845 2003
080 ## - UNIVERSAL DECIMAL CLASSIFICATION NUMBER
Universal Decimal Classification number 551.4 H-88
082 00 - DEWEY DECIMAL CLASSIFICATION NUMBER
Classification number 551.41
Edition number 21
100 1# - MAIN ENTRY--PERSONAL NAME
Personal name Huggett, Richard J.
9 (RLIN) 7557
245 10 - TITLE STATEMENT
Title Fundamentals of geomorphology /
Statement of responsibility, etc. Richard John Huggett.
264 ## - PRODUCTION, PUBLICATION, DISTRIBUTION, MANUFACTURE, AND COPYRIGHT NOTICE
Place of production, publication, distribution, manufacture London :
Name of producer, publisher, distributor, manufacturer Routledge,
Date of production, publication, distribution, manufacture, or copyright notice 2003.
300 ## - PHYSICAL DESCRIPTION
Extent xiv, 386 p., [8] p. of plates :
Other physical details ill. (some col.), maps ;
Dimensions 26 cm.
490 1# - SERIES STATEMENT
Series statement Routledge fundamentals of physical geography
504 ## - BIBLIOGRAPHY, ETC. NOTE
Bibliography, etc. note Includes bibliographical references (p. [353]-374) and index.
650 #0 - SUBJECT ADDED ENTRY--TOPICAL TERM
Topical term or geographic name entry element Geomorphology.
9 (RLIN) 7558
653 ## - INDEX TERM--UNCONTROLLED
keyword გეომორფოლოგია
830 #0 - SERIES ADDED ENTRY--UNIFORM TITLE
Uniform title Routledge fundamentals of physical geography series.
9 (RLIN) 7559
856 42 - ELECTRONIC LOCATION AND ACCESS
Materials specified Publisher description
Uniform Resource Identifier http://www.loc.gov/catdir/enhancements/fy0650/2002075133-d.html
856 42 - ELECTRONIC LOCATION AND ACCESS
Materials specified Contributor biographical information
Uniform Resource Identifier http://www.loc.gov/catdir/enhancements/fy1002/2002075133-b.html
906 ## - LOCAL DATA ELEMENT F, LDF (RLIN)
a 7
b cbc
c orignew
d 1
e ocip
f 20
g y-gencatlg
942 ## - ADDED ENTRY ELEMENTS (KOHA)
Source of classification or shelving scheme
Koha item type წიგნი
ეგზემპლარები
Withdrawn status Lost status Source of classification or shelving scheme Damaged status Not for loan Permanent Location Current Location Shelving location Date acquired Cost, normal purchase price Full call number Barcode Date last seen Copy number Price effective from Koha item type Public note
          ბათუმის შოთა რუსთაველის სახელმწიფო უნივერსიტეტის მთავარი ბიბლიოთეკა ბათუმის შოთა რუსთაველის სახელმწიფო უნივერსიტეტის მთავარი ბიბლიოთეკა წიგნსაცავი 2018-12-17 200.00 551.4 H-88 718 2018-12-17 718 2018-12-17 წიგნი 200 ლ.